000 00672nam a2200181Ia 4500
008 090124s9999 xx 000 0 und d
082 _b114672
100 _aगडकरी राम गणेश (गोविंदाग्रज)
245 _a संगीत एकच प्याला
250 _a1
260 _c1972
300 _a109
600 _aगडकरी राम गणेश (गोविंदाग्रज)
630 _a संगीत एकच प्याला
700 _aगडकरी राम गणेश (गोविंदाग्रज)
730 _a संगीत एकच प्याला
942 _cBOOK
999 _c160763
_d160763